Countries of the World - 5 minute sprint - Statistics

General Stats
  • This quiz has been taken 36 times
    2 since last reset
  • The average score is 121 of 197
Answers on the Map
Answers color-coded by a green-red scale on the quiz's map according to % correct below.
 
Answer Stats
Answer % Correct
Argentina
100%
Australia
100%
Bhutan
100%
Bosnia and Herzegovina
100%
Brazil
100%
Canada
100%
Chile
100%
China
100%
Croatia
100%
Czech Republic
100%
Denmark
100%
Egypt
100%
Fiji
100%
Finland
100%
France
100%
Georgia
100%
Germany
100%
Ghana
100%
Greece
100%
Guatemala
100%
Guyana
100%
India
100%
Indonesia
100%
Iran
100%
Iraq
100%
Ireland
100%
Israel
100%
Italy
100%
Jamaica
100%
Japan
100%
Jordan
100%
Kazakhstan
100%
Kenya
100%
Latvia
100%
Madagascar
100%
Malaysia
100%
Mexico
100%
Monaco
100%
Mongolia
100%
Morocco
100%
Namibia
100%
New Zealand
100%
North Korea
100%
Norway
100%
Pakistan
100%
Papua New Guinea
100%
Paraguay
100%
Peru
100%
Poland
100%
Portugal
100%
Russia
100%
Rwanda
100%
Saudi Arabia
100%
Singapore
100%
South Africa
100%
South Korea
100%
Spain
100%
Sweden
100%
Taiwan
100%
Tanzania
100%
Thailand
100%
Turkey
100%
Ukraine
100%
United Kingdom
100%
United States
100%
Vietnam
100%
Zimbabwe
100%
Afghanistan
50%
Albania
50%
Algeria
50%
Andorra
50%
Angola
50%
Antigua and Barbuda
50%
Armenia
50%
Austria
50%
Azerbaijan
50%
Bahrain
50%
Bangladesh
50%
Barbados
50%
Belarus
50%
Belgium
50%
Belize
50%
Benin
50%
Bolivia
50%
Botswana
50%
Bulgaria
50%
Burkina Faso
50%
Burundi
50%
Cambodia
50%
Cameroon
50%
Central African Republic
50%
Chad
50%
Colombia
50%
Comoros
50%
Costa Rica
50%
Cuba
50%
Cyprus
50%
Democratic Republic of the Congo
50%
Dominican Republic
50%
Ecuador
50%
El Salvador
50%
Eritrea
50%
Estonia
50%
Ethiopia
50%
Gabon
50%
Gambia
50%
Guinea
50%
Guinea-Bissau
50%
Honduras
50%
Hungary
50%
Iceland
50%
Ivory Coast
50%
Kosovo
50%
Kuwait
50%
Laos
50%
Liberia
50%
Libya
50%
Lithuania
50%
Luxembourg
50%
Malawi
50%
Mali
50%
Malta
50%
Marshall Islands
50%
Mauritania
50%
Moldova
50%
Montenegro
50%
Mozambique
50%
Myanmar
50%
Nauru
50%
Nepal
50%
Netherlands
50%
Nicaragua
50%
Niger
50%
Nigeria
50%
North Macedonia
50%
Oman
50%
Palestine
50%
Panama
50%
Philippines
50%
Qatar
50%
Republic of the Congo
50%
Romania
50%
Saint Kitts and Nevis
50%
Saint Lucia
50%
Saint Vincent and the Grenadines
50%
Samoa
50%
San Marino
50%
São Tomé and Príncipe
50%
Senegal
50%
Serbia
50%
Seychelles
50%
Sierra Leone
50%
Slovakia
50%
Slovenia
50%
Solomon Islands
50%
Somalia
50%
South Sudan
50%
Sri Lanka
50%
Sudan
50%
Suriname
50%
Switzerland
50%
Syria
50%
Togo
50%
Tonga
50%
Tunisia
50%
Turkmenistan
50%
Tuvalu
50%
United Arab Emirates
50%
Uruguay
50%
Uzbekistan
50%
Vatican City
50%
Venezuela
50%
Yemen
50%
Zambia
50%
Bahamas
0%
Brunei
0%
Cape Verde
0%
Djibouti
0%
Dominica
0%
East Timor
0%
Equatorial Guinea
0%
Eswatini
0%
Federated States of Micronesia
0%
Grenada
0%
Haiti
0%
Kiribati
0%
Kyrgyzstan
0%
Lebanon
0%
Lesotho
0%
Liechtenstein
0%
Maldives
0%
Mauritius
0%
Palau
0%
Tajikistan
0%
Trinidad and Tobago
0%
Uganda
0%
Vanuatu
0%
No matching quizzes found
Score Distribution
Percent of People with Each Score
Percentile by Number Answered
Your Score History
You have not taken this quiz since the last reset